Agents of SHIELD Episodes S1-7 - Statistics

General Stats
  • This quiz has been taken 517 times
  • The average score is 55 of 136
Answer Stats
Episode Title % Correct
1x1 Pilot
90%
1x2 0-8-4
84%
5x22 The End
79%
1x13 T.R.A.C.K.S.
74%
1x14 T.A.H.I.T.I.
73%
1x5 Girl in the Flower Dress
69%
1x17 Turn,Turn,Turn
68%
1x4 Eye Spy
67%
1x6 FZZT
67%
1x7 The Hub
66%
1x8 The Well
63%
1x16 End of the Beginning
62%
1x22 Beginning of the End
61%
1x3 The Asset
61%
2x16 Afterlife
59%
3x10 Maveth
57%
4x1 The Ghost
56%
1x15 Yes Men
54%
5x1 Orientation Part 1
53%
5x2 Orientation Part 2
53%
1x12 Seeds
53%
3x5 4,722 Hours
51%
1x18 Providence
51%
1x10 The Bridge
51%
1x11 The Magical Place
51%
7x13 What We're Fighting For
51%
4x15 Self Control
50%
2x21 S.O.S. Part 1
50%
2x22 S.O.S. Part 2
50%
2x11 Aftershocks
49%
3x17 The Team
49%
2x17 Melinda
48%
2x1 Shadows
48%
4x16 What If...
48%
3x21 Absolution
47%
2x5 A Hen in the Wolf House
47%
3x22 Ascension
47%
1x19 The Only Light in the Darkness
47%
1x21 Ragtag
46%
1x9 Repairs
46%
2x10 What They Become
46%
7x9 As I Have Always Been
45%
3x13 Parting Shot
45%
1x20 Nothing Personal
44%
5x4 A Life Earned
43%
5x3 A Life Spent
43%
6x6 Inescapable
43%
2x14 Love in the Time of Hydra
42%
2x2 Heavy is the Head
41%
2x7 The Writing on the Wall
41%
4x19 All the Madame's Men
40%
7x5 A Trout in the Milk
40%
3x9 Closure
40%
6x4 Code Yellow
40%
5x5 Rewind
40%
4x10 The Patriot
40%
6x3 Fear and Loathing on the Planet of Kitson
39%
7x1 The New Deal
39%
5x12 The Real Deal
39%
3x18 The Singularity
39%
3x3 A Wanted (Inhu)man
38%
4x12 Hot Potato Soup
38%
2x3 Making Friends and Influencing People
38%
2x18 The Frenemy of My Enemy
38%
2x9 ...Ye Who Enter Here
38%
3x11 Bouncing Back
37%
6x8 Collision Course (Part I)
37%
6x9 Collision Course (Part II)
37%
3x20 Emancipation
37%
3x1 Laws of Nature
37%
5x14 The Devil Complex
37%
4x21 The Return
37%
3x14 Watchdogs
37%
7x3 Alien Commies from the Future!
36%
7x2 Know Your Onions
36%
4x6 The Good Samaritan
36%
4x13 BOOM
35%
5x6 Fun & Games
35%
4x4 Let Me Stand Next to Your Fire
35%
5x8 The Last Day
35%
2x4 Face My Enemy
34%
3x19 Failed Experiments
34%
4x2 Meet the New Boss
34%
3x15 Spacetime
34%
7x12 The End is at Hand
34%
4x22 World's End
34%
3x8 Many Heads, One Tale
33%
3x12 The Inside Man
33%
4x14 The Man Behind the Shield
33%
5x11 All the Comforts of Home
32%
2x19 The Dirty Half Dozen
32%
5x17 The Honeymoon
32%
2x8 The Things We Bury
32%
4x7 Deals with Our Devils
31%
3x4 Devils You Know
31%
6x1 Missing Pieces
31%
6x13 New Life
31%
4x18 No Regrets
31%
3x16 Paradise Lost
31%
5x13 Principia
31%
3x2 Purpose in the Machine
31%
4x8 The Laws of Inferno Dynamics
31%
5x20 The One Who Will Save Us All
31%
7x7 The Totally Excellent Adventures of Mack and the D
31%
6x7 Toldja
31%
4x11 Wake Up
31%
2x12 Who You Really Are
31%
7x8 After, Before
30%
4x20 Farewell, Cruel World!
30%
5x15 Rise and Shine
30%
2x20 Scars
30%
5x21 The Force of Gravity
30%
5x7 Together or Not at All
30%
3x6 Among Us Hide...
29%
7x4 Out of the Past
29%
4x3 Uprising
28%
4x5 Lockup
27%
2x6 A Fractured House
26%
3x7 Chaos Theory
26%
4x17 Identity and Change
26%
5x16 Inside Voices
26%
6x10 Leap
26%
7x10 Stolen
26%
6x12 The Sign
26%
6x2 Window of Opportunity
26%
4x9 Broken Promises
25%
6x11 From the Ashes
25%
2x13 One of Us
25%
6x5 The Other Thing
25%
5x18 All Roads Lead...
24%
5x9 Best Laid Plans
24%
7x11 Brand New Day
24%
2x15 One Door Closes
24%
5x10 Past Life
23%
7x6 Adapt or Die
22%
5x19 Option Two
22%
No matching quizzes found
Score Distribution
Percent of People with Each Score
Percentile by Number Answered
Your Score History
You have not taken this quiz